| 000 | 00781nam a22002537a 4500 | ||
|---|---|---|---|
| 001 | 6025 | ||
| 003 | FISKH | ||
| 005 | 20250224092118.0 | ||
| 008 | 250224b cb ||||| |||| 00| 0 eng d | ||
| 040 |
_aFISKH _beng _cFISKH _dFISKH |
||
| 050 | _aPZ7.M1554 S | ||
| 082 | _a303 | ||
| 100 | _aMcDonnell, Patrick | ||
| 245 |
_aSouth / _cPatrick McDonnell |
||
| 260 |
_aNew York : _bLittle, Brown and Company, _c2008. |
||
| 300 |
_a44 unnumbered pages : _billustrations ; _c18 x 21 cm |
||
| 505 | _aC | ||
| 520 | _aMooch the cat helps a lonely bird find its flock, which has flown south for the winter. | ||
| 521 | 8 |
_a100
_bLexile estimate |
|
| 521 | 8 |
_aC
_bRaz-Plus |
|
| 650 |
_aBooks Without Words _vAnthropomorphic Animals |
||
| 942 |
_2ddc _cBK _n0 |
||
| 999 |
_c6025 _d6025 |
||